Every Song by Queens of the Stone Age - Statistics

General Stats
  • This quiz has been taken 68 times
    56 since last reset
  • The average score is 40 of 92
Answer Stats
Album Song % Correct
Songs for the Deaf(2002) No One Knows
79%
Songs for the Deaf(2002) Go with the Flow
76%
Songs for the Deaf(2002) Song for the Deaf
74%
Queens of the Stone Age(1998) Avon
71%
Songs for the Deaf(2002) Song for the Dead
71%
Lullabies to Paralyze(2005) Little Sister
68%
Queens of the Stone Age(1998) Regular John
68%
Rated R(2000) The Lost Art of Keeping a Secret
68%
Rated R(2000) Feel Good Hit of the Summer
62%
Rated R(2000) I Think I Lost My Headache
62%
Songs for the Deaf(2002) First It Giveth
59%
...Like Clockwork(2013) ...Like Clockwork
59%
Rated R(2000) Monsters in the Parasol
59%
Era Vulgaris(2007) 3's and 7's
56%
Queens of the Stone Age(1998) Mexicola
56%
Rated R(2000) Auto Pilot
53%
Lullabies to Paralyze(2005) Burn the Witch
53%
Queens of the Stone Age(1998) If Only
53%
Era Vulgaris(2007) Sick, Sick, Sick
53%
Villains(2017) The Way You Used to Do
53%
Songs for the Deaf(2002) You Think I Ain't Worth a Dollar, But I Feel Like a Millionaire
53%
Songs for the Deaf(2002) Another Love Song
50%
Rated R(2000) Better Living Through Chemistry
50%
...Like Clockwork(2013) I Appear Missing
50%
Rated R(2000) In the Fade
50%
Songs for the Deaf(2002) Mosquito Song
50%
Lullabies to Paralyze(2005) Someone's in the Wolf
50%
Lullabies to Paralyze(2005) Tangled Up in Plaid
50%
Era Vulgaris(2007) Turnin' on the Screw
50%
Villains(2017) Villains of Circumstance
50%
Queens of the Stone Age(1998) Walkin' on the Sidewalks
50%
Lullabies to Paralyze(2005) Broken Box
47%
Villains(2017) Fortress
47%
Queens of the Stone Age(1998) Give the Mule What He Wants
47%
...Like Clockwork(2013) If I Had a Tail
47%
Lullabies to Paralyze(2005) In My Head
47%
Rated R(2000) Lightning Song
47%
...Like Clockwork(2013) Smooth Sailing
47%
Villains(2017) The Evil Has Landed
47%
...Like Clockwork(2013) The Vampyre of Time and Memory
47%
Kyuss/Queens of the Stone Age(1997) Born to Hula
44%
Songs for the Deaf(2002) Do It Again
44%
Songs for the Deaf(2002) God Is in the Radio
44%
Queens of the Stone Age(1998) How to Handle a Rope
44%
Era Vulgaris(2007) I'm Designer
44%
Queens of the Stone Age(1998) I Was A Teenage Hand Model
44%
Lullabies to Paralyze(2005) Medication
44%
Kyuss/Queens of the Stone Age(1997) Spiders and Vinegaroons
44%
Rated R(2000) Tension Head
44%
Lullabies to Paralyze(2005) Everybody Knows That You Are Insane
41%
Songs for the Deaf(2002) Gonna Leave You
41%
Villains(2017) Head Like a Haunted House
41%
Lullabies to Paralyze(2005) I Never Came
41%
...Like Clockwork(2013) Kalopsia
41%
Rated R(2000) Leg of Lamb
41%
...Like Clockwork(2013) My God is the Sun
41%
Era Vulgaris(2007) Run, Pig, Run
41%
Lullabies to Paralyze(2005) The Blood is Love
41%
Queens of the Stone Age(1998) You Can't Quit Me Baby
41%
Lullabies to Paralyze(2005) You Got a Killer Scene There, Man...
41%
Queens of the Stone Age(1998) You Would Know
41%
Era Vulgaris(2007) Battery Acid
38%
...Like Clockwork(2013) Fairweather Friends
38%
Era Vulgaris(2007) Into the Hollow
38%
Lullabies to Paralyze(2005) Long Slow Goodbye
38%
Era Vulgaris(2007) River in the Road
38%
Songs for the Deaf(2002) Six Shooter
38%
Era Vulgaris(B-Sides)(2007) The Fun Machine Took a Shit & Died
38%
Lullabies to Paralyze(2005) This Lullaby
38%
Songs for the Deaf(2002) Hangin' Tree
35%
...Like Clockwork(2013) Keep Your Eyes Peeled
35%
Lullabies to Paralyze(2005) Skin on Skin
35%
Villains(2017) Domesticated Animals
32%
Queens of the Stone Age(1998) Hispanic Impressions
32%
Era Vulgaris(2007) Make It with Chu
32%
Era Vulgaris(2007) Suture Up Your Future
32%
The Split CD(1998) The Bronze
32%
Villains(2017) Un-Reborn Again
32%
Villains(2017) Hideaway
29%
Rated R(2000) Quick and to the Pointless
29%
The Split CD(1998) These Aren't the Droids You're Looking For
29%
Lullabies to Paralyze(Bonus)(2005) Like a Drug
26%
Era Vulgaris(2007) Misfit Love
24%
Era Vulgaris(Bonus)(2007) Running Joke
24%
Rated R(UK Edition)(2000) You're So Vague
24%
Rated R(Japanese Edition)(2000) Ode to Clarissa
21%
Kyuss/Queens of the Stone Age(1997) If Only Everything
12%
Lullabies to Paralyze(Bonus)(2005) Infinity
12%
...Like Clockwork(2013) I Say by the Ocean
9%
Villains(2017) Feel Don't Fail Me
6%
Songs for the Deaf(2002) The Real Song for the Deal
6%
Songs for the Deaf(2002) The Sky in Fallin'
3%
No matching quizzes found
Score Distribution
Percent of People with Each Score
Percentile by Number Answered
Your Score History
You have not taken this quiz since the last reset